[Event "Schachfestival Senioren"]
[Site "Bad Woerishofen"]
[Date "2023.03.06"]
[Round "4.31"]
[White "Stern, Robert"]
[Black "Schilling, Hans"]
[Result "1/2-1/2"]
[WhiteElo "1877"]
[BlackElo "1724"]
[PlyCount "130"]
[EventDate "2023.??.??"]
[WhiteTeam "Pimlico"]
[BlackTeam "SF Nordost Berlin"]

1. e4 e6 2. d4 d5 3. Nd2 c5 4. Ngf3 cxd4 5. exd5 Qxd5 6. Bc4 Qd6 7. Ne4 Qc7 8. Qxd4 Nc6 9. Qd3 Be7 10. Bd2 Nf6 11. Bc3 Bd7 12. Rd1 O-O-O 13. O-O Nxe4 14. Qxe4 Bf6 15. Bxf6 gxf6 16. Rd3 Ne5 17. Nxe5 Qxe5 18. Qxe5 fxe5 19. Re3 f6 20. f4 exf4 21. Rxf4 Rhf8 22. Bxe6 Bxe6 23. Rxe6 Rd1+ 24. Kf2 Rd2+ 25. Re2 Rd7 26. Kf3 f5 27. Rc4+ Kb8 28. Kf4 Rg7 29. h3 Rfg8 30. Rc3 Rxg2 31. Rxg2 Rxg2 32. Kxf5 b6 33. Ke4 Kb7 34. Kd4 b5 35. Kc5 Rg5+ 36. Kb4 Kb6 37. Re3 a5+ 38. Kc3 Kc5 39. Kd3 Kd5 40. c3 Rg2 41. b3 Rxa2 42. Re7 a4 43. bxa4 Rxa4 44. Rxh7 Ra1 45. Rh5+ Kc6 46. Rg5 Rf1 47. Ke4 Rf2 48. Rg3 Kc5 49. Ke3 Rc2 50. Kd3 Rh2 51. Rf3 Kd5 52. Rg3 Rf2 53. h4 Rh2 54. Rg5+ Kc6 55. h5 Rh3+ 56. Kc2 Rh2+ 57. Kb3 Rh4 58. Rg6+ Kc5 59. h6 Rh5 60. Rf6 Rh4 61. Kc2 Rh2+ 62. Kb3 Rh4 63. Ra6 Kd5 64. Rb6 Kc5 65. Rf6 Kd5 1/2-1/2

[Event "Schachfestival Senioren"]
[Site "Bad Woerishofen"]
[Date "2023.03.06"]
[Round "4.32"]
[White "Bachmann, Rolf"]
[Black "Rothenhagen, Siegfried"]
[Result "1/2-1/2"]
[WhiteElo "1870"]
[BlackElo "1712"]
[PlyCount "80"]
[EventDate "2023.??.??"]
[WhiteTeam "Hammer Sportclub 2008 e. V."]
[BlackTeam "Sportfr.Windach e.V.1923"]

1. d4 Nf6 2. Nf3 d5 3. Bf4 e6 4. Nbd2 Bd6 5. Bg3 b6 6. e3 Ba6 7. c4 c6 8. Ne5 Bxe5 9. Bxe5 Bb7 10. Rc1 O-O 11. cxd5 Nxd5 12. Bd3 Qg5 13. Bg3 Nxe3 14. fxe3 Qxe3+ 15. Qe2 Qxd4 16. Be5 Qh4+ 17. g3 Qh3 18. Rc4 c5 19. Rg1 Ba6 20. Rh4 Bxd3 21. Qxd3 Qf5 22. Qc3 f6 23. Bxb8 Raxb8 24. Re4 e5 25. Qc4+ Kh8 26. g4 Qd7 27. Rg2 Rbd8 28. Rge2 Qc8 29. a4 Rd6 30. Nf3 Rfd8 31. Kf2 Qd7 32. Kg3 Rd3 33. R4e3 Rxe3 34. Rxe3 Qc7 35. Qe4 h6 36. h4 Qf7 37. b3 g5 38. h5 Qh7 39. Qc4 Qd7 40. Qe4 Qh7 1/2-1/2

[Event "Schachfestival Senioren"]
[Site "Bad Woerishofen"]
[Date "2023.03.06"]
[Round "4.33"]
[White "Wegemund, Hubert"]
[Black "Auterhoff, Juergen"]
[Result "1-0"]
[WhiteElo "1869"]
[BlackElo "1706"]
[PlyCount "89"]
[EventDate "2023.??.??"]
[WhiteTeam "SK Norderstedt von 1975"]
[BlackTeam "Schachfreunde Muenchen"]

1. e4 e5 2. Bc4 Nc6 3. Nf3 Bc5 4. c3 Nf6 5. d3 d6 6. h3 h6 7. O-O O-O 8. Re1 Be6 9. Bb5 Bd7 10. d4 Bb6 11. a4 a6 12. Bf1 Re8 13. d5 Ne7 14. a5 Ba7 15. c4 c6 16. Nc3 cxd5 17. cxd5 Rc8 18. Bd2 b5 19. axb6 Qxb6 20. Be3 Qxb2 21. Bxa7 Qxc3 22. Bxa6 Rcd8 23. Qb1 Qc7 24. Bb6 Qb8 25. Bxd8 Qxb1 26. Rexb1 Rxd8 27. Nd2 Ng6 28. Rb6 Ne8 29. Nc4 Kf8 30. Nxd6 Nxd6 31. Rxd6 Ke7 32. Rb6 Ra8 33. Rbb1 Kd6 34. Bd3 Rxa1 35. Rxa1 Nf4 36. Ba6 f6 37. Kh2 h5 38. Bf1 h4 39. g3 hxg3+ 40. fxg3 Ng6 41. Ra7 Nf8 42. Kg2 g5 43. Kf3 Ng6 44. Rb7 f5 45. Rb6+ 1-0

[Event "Schachfestival Senioren"]
[Site "Bad Woerishofen"]
[Date "2023.03.06"]
[Round "4.34"]
[White "Ganslmayer, Anton"]
[Black "Eigenmann, Christina"]
[Result "1-0"]
[WhiteElo "1856"]
[BlackElo "1664"]
[PlyCount "43"]
[EventDate "2023.??.??"]

1. Nf3 d5 2. e3 Nf6 3. c4 c6 4. b3 Nbd7 5. Bb2 dxc4 6. Bxc4 Nb6 7. Be2 Bf5 8. d4 Bxb1 9. Qxb1 e6 10. O-O Bd6 11. e4 Bf4 12. g3 Bc7 13. Ba3 Qd7 14. Rd1 O-O-O 15. Qc2 Kb8 16. Bb2 Qe7 17. a4 Nfd7 18. a5 Nc8 19. a6 Ncb6 20. axb7 Kxb7 21. Ba6+ Kb8 22. Qxc6 1-0

[Event "Schachfestival Senioren"]
[Site "Bad Woerishofen"]
[Date "2023.03.06"]
[Round "4.35"]
[White "Emser, Heinrich"]
[Black "Flockerzi, Armin"]
[Result "1/2-1/2"]
[WhiteElo "1822"]
[BlackElo "1669"]
[PlyCount "84"]
[EventDate "2023.??.??"]
[WhiteTeam "Vereinslos"]
[BlackTeam "VfR-SC Koblenz"]

1. d4 d5 2. c4 c6 3. e3 Nf6 4. Nc3 g6 5. Bd3 Bg7 6. h3 Qc7 7. cxd5 Nxd5 8. Nxd5 cxd5 9. Bd2 O-O 10. Rc1 Nc6 11. Nf3 Re8 12. O-O Qd7 13. Bb5 a6 14. Ba4 b5 15. Bb3 Bb7 16. a3 e5 17. dxe5 Nxe5 18. Nxe5 Bxe5 19. Bc3 Bg7 20. Bxg7 Kxg7 21. Qd4+ Kg8 22. Rfd1 Rad8 23. Qf4 Re4 24. Qc7 Re7 25. Qxd7 Rexd7 26. Rd4 Kg7 27. Rcd1 f5 28. g4 Kf6 29. Kg2 h6 30. Kg3 fxg4 31. hxg4 Rd6 32. f4 g5 33. e4 gxf4+ 34. Kxf4 Ke7 35. Bxd5 Rf8+ 36. Ke3 Bc8 37. e5 Rg6 38. Bf3 Rg5 39. Rd5 Rxf3+ 40. Kxf3 Bxg4+ 41. Kf4 Bxd1 42. Rxd1 Rg6 1/2-1/2

[Event "Schachfestival Senioren"]
[Site "Bad Woerishofen"]
[Date "2023.03.06"]
[Round "4.36"]
[White "Collins, Alan"]
[Black "Lechner, Otto"]
[Result "0-1"]
[WhiteElo "1608"]
[BlackElo "1820"]
[PlyCount "48"]
[EventDate "2023.??.??"]

1. f4 Nf6 2. Nf3 c5 3. d3 d5 4. g3 Nc6 5. Bg2 e6 6. c3 Be7 7. Na3 O-O 8. O-O Rb8 9. Nc2 b5 10. Ne5 Bb7 11. Nxc6 Bxc6 12. b4 Qd7 13. Be3 cxb4 14. Nxb4 Ba8 15. Qd2 Rbc8 16. d4 Bxb4 17. cxb4 Rc4 18. Rfc1 Rfc8 19. Rxc4 Rxc4 20. Rc1 Qc8 21. Rxc4 dxc4 22. Qc2 Bxg2 23. Kxg2 Qc6+ 24. Kg1 Nd5 0-1

[Event "Schachfestival Senioren"]
[Site "Bad Woerishofen"]
[Date "2023.03.06"]
[Round "4.37"]
[White "Hotz, Herbert"]
[Black "Schmitt, Karl"]
[Result "1/2-1/2"]
[WhiteElo "1553"]
[BlackElo "1808"]
[PlyCount "68"]
[EventDate "2023.??.??"]
[WhiteTeam "SC 1970 Lorsch"]
[BlackTeam "Bergische SF 1923 Bergisch Gladbach e. V."]

1. c4 e5 2. g3 d6 3. Bg2 f5 4. Nc3 Nf6 5. d3 c6 6. e3 Be7 7. Nge2 O-O 8. O-O Qe8 9. f4 Nbd7 10. b4 a6 11. a4 exf4 12. Nxf4 Ne5 13. Bb2 Bd8 14. Qe2 Ng6 15. Rfe1 Nxf4 16. exf4 Bb6+ 17. Kh1 Qxe2 18. Rxe2 Ng4 19. Nd1 Kf7 20. d4 Bd7 21. h3 Nf6 22. Nf2 Rae8 23. Rae1 Rxe2 24. Rxe2 Re8 25. Rxe8 Kxe8 26. Bf3 Kf7 27. Kg2 g6 28. Bc3 Be6 29. Be2 Ne4 30. Nxe4 fxe4 31. c5 Bc7 32. a5 d5 33. Bd2 h5 34. h4 Bf5 1/2-1/2

[Event "Schachfestival Senioren"]
[Site "Bad Woerishofen"]
[Date "2023.03.06"]
[Round "4.39"]
[White "Kainz, Josef"]
[Black "Titz, Waldemar"]
[Result "1-0"]
[WhiteElo "1913"]
[BlackElo "1710"]
[PlyCount "51"]
[EventDate "2023.??.??"]
[WhiteTeam "Frauental"]
[BlackTeam "SV Rottweil"]

1. Nf3 d5 2. d4 e6 3. c4 b6 4. cxd5 exd5 5. e3 Nf6 6. Nc3 Bd7 7. Qb3 c6 8. Bd3 Be7 9. O-O O-O 10. Qc2 h6 11. Ne5 Re8 12. f3 Bd6 13. Nxd7 Nbxd7 14. e4 dxe4 15. fxe4 Bc7 16. e5 Nd5 17. Bh7+ Kf8 18. Bxh6 Re6 19. Qf5 Qe8 20. Bg5 f6 21. Nxd5 cxd5 22. Rae1 Rd8 23. Bg6 Qe7 24. exf6 Rxf6 25. Bxf6 Qxf6 26. Qe6 1-0

[Event "Schachfestival Senioren"]
[Site "Bad Woerishofen"]
[Date "2023.03.06"]
[Round "4.40"]
[White "Goris, Ton"]
[Black "Gottwald, Helmut"]
[Result "1/2-1/2"]
[WhiteElo "1905"]
[BlackElo "1659"]
[PlyCount "33"]
[EventDate "2023.??.??"]
[BlackTeam "Keiner"]

1. d4 Nf6 2. f3 e6 3. e4 d6 4. Be3 Be7 5. Bd3 O-O 6. Ne2 b6 7. O-O Bb7 8. c4 Nbd7 9. Nbc3 c5 10. Rc1 cxd4 11. Nxd4 Ne5 12. Be2 d5 13. cxd5 exd5 14. exd5 Nxd5 15. Bf2 Nxc3 16. Rxc3 Rc8 17. Rxc8 1/2-1/2

[Event "Schachfestival Senioren"]
[Site "Bad Woerishofen"]
[Date "2023.03.06"]
[Round "4.41"]
[White "Cerpnjak, Mirko"]
[Black "Wuest, Michael"]
[Result "1-0"]
[WhiteElo "1702"]
[BlackElo "1881"]
[PlyCount "105"]
[EventDate "2023.??.??"]
[WhiteTeam "SC Groebenzell"]
[BlackTeam "PTSV SK Hof 1892"]

1. e4 e5 2. Nf3 Nf6 3. Nc3 Bb4 4. d3 d6 5. a3 Ba5 6. Be2 h6 7. O-O O-O 8. b4 Bb6 9. d4 exd4 10. Nxd4 Re8 11. Bf3 Nbd7 12. g3 Ne5 13. Bg2 Bg4 14. f3 c5 15. bxc5 dxc5 16. Nde2 Qxd1 17. Nxd1 Be6 18. f4 Nc6 19. e5 Nd7 20. Nec3 Nd4 21. Bxb7 Rab8 22. Be4 Bh3 23. Re1 c4 24. Be3 f6 25. Nd5 fxe5 26. Nxb6 Nxb6 27. fxe5 Rbd8 28. Nf2 Bc8 29. Rad1 Ne6 30. Bc6 Rf8 31. Rd6 Rxd6 32. exd6 Rd8 33. Ne4 Kh8 34. a4 c3 35. Rd1 Nc4 36. Bxa7 Ne5 37. Bb5 Nf3+ 38. Kg2 Nd2 39. Nxc3 Bb7+ 40. Kf2 Rxd6 41. Ke3 Ne4 42. Rxd6 Nxd6 43. Bd3 g5 44. a5 Nc7 45. Bb8 Nde8 46. Nb5 Nd5+ 47. Kd4 Nef6 48. Be5 Kg7 49. Nd6 Bc6 50. a6 Nc7 51. a7 Ne6+ 52. Kc4 h5 53. Be4 1-0

[Event "Schachfestival Senioren"]
[Site "Bad Woerishofen"]
[Date "2023.03.06"]
[Round "4.42"]
[White "Leser, Alfred"]
[Black "Krotofil, Kurt"]
[Result "0-1"]
[WhiteElo "1689"]
[BlackElo "1817"]
[PlyCount "90"]
[EventDate "2023.??.??"]
[WhiteTeam "Schachfreunde Mengen"]
[BlackTeam "Niendorfer TSV 1919 SAbt"]

1. d4 Nf6 2. Nc3 d5 3. Bf4 c6 4. Qd2 Bf5 5. f3 e6 6. g4 Bg6 7. h4 h5 8. g5 Nfd7 9. e3 Bb4 10. Bd3 Bxd3 11. Qxd3 Qa5 12. Nge2 c5 13. O-O-O c4 14. Qd2 Nc6 15. Kb1 O-O 16. a3 Be7 17. Ng3 g6 18. e4 Nb6 19. Be3 Na4 20. Nxa4 Qxa4 21. c3 Na5 22. Qc2 Nb3 23. Ka2 b5 24. Ne2 b4 25. cxb4 Bxb4 26. Nc1 Nxc1+ 27. Rxc1 Qa6 28. Bf4 Rac8 29. Kb1 Be7 30. Qc3 Rc6 31. b4 Qb5 32. Rh2 a5 33. Rb2 axb4 34. axb4 Ra6 35. Kc2 Rfa8 36. Qe1 Ra3 37. Rcb1 Rxf3 38. Bd2 Raa3 39. Qe2 Qa4+ 40. Kc1 Rh3 41. exd5 Rh1+ 42. Be1 Bd6 43. dxe6 Bf4+ 44. Rd2 Rc3+ 45. Kb2 Qa3# 0-1

[Event "Schachfestival Senioren"]
[Site "Bad Woerishofen"]
[Date "2023.03.06"]
[Round "4.43"]
[White "Eibl, Guenter"]
[Black "Bohlin, Jan"]
[Result "1/2-1/2"]
[WhiteElo "1693"]
[BlackElo "1814"]
[PlyCount "37"]
[EventDate "2023.??.??"]
[WhiteTeam "Schachfreunde Muenchen"]
[BlackTeam "Majornas SS"]

1. d4 Nf6 2. c4 e6 3. Nc3 Bb4 4. e3 O-O 5. Bd3 c5 6. Nge2 d5 7. a3 dxc4 8. Bxc4 Bxc3+ 9. Nxc3 cxd4 10. exd4 Nc6 11. Be3 a6 12. O-O b5 13. Be2 Nd5 14. Nxd5 exd5 15. Rc1 Ne7 16. Qd2 Bf5 17. Rc5 Qd7 18. Rfc1 Rfc8 19. Rxc8+ 1/2-1/2

[Event "Schachfestival Senioren"]
[Site "Bad Woerishofen"]
[Date "2023.03.06"]
[Round "4.44"]
[White "Schnell, Franz"]
[Black "Kleinhenz, Hans-Georg"]
[Result "0-1"]
[WhiteElo "1701"]
[BlackElo "1796"]
[PlyCount "56"]
[EventDate "2023.??.??"]

1. d4 d5 2. Bf4 Nf6 3. e3 e6 4. Nf3 Bd6 5. Bg3 O-O 6. Bd3 c5 7. c3 Qc7 8. Nbd2 Nbd7 9. O-O Bxg3 10. hxg3 e5 11. dxe5 Nxe5 12. Nxe5 Qxe5 13. Nf3 Qh5 14. Nh4 Bg4 15. Bxh7+ Kxh7 16. Qd3+ Kg8 17. f3 Be6 18. Kf2 g5 19. Nf5 Bxf5 20. Qxf5 Qg6 21. Qh3 g4 22. Qh4 Kg7 23. Qh1 Qc2+ 24. Ke1 Qxb2 25. Rd1 Rfe8 26. Rd3 Qc2 27. Qh4 Qxd3 28. Qg5+ Qg6 0-1

[Event "Schachfestival Senioren"]
[Site "Bad Woerishofen"]
[Date "2023.03.06"]
[Round "4.45"]
[White "Goris-Schouwstra, Adry"]
[Black "Rumsey, Victor B"]
[Result "1/2-1/2"]
[WhiteElo "1659"]
[BlackElo "1696"]
[PlyCount "34"]
[EventDate "2023.??.??"]
[BlackTeam "Battersea"]

1. d4 Nf6 2. c4 e6 3. a3 d5 4. e3 Be7 5. Nc3 O-O 6. Nf3 dxc4 7. Bxc4 c5 8. O-O cxd4 9. Nxd4 a6 10. Be2 e5 11. Nf3 Nc6 12. Qc2 Bg4 13. Rd1 Qc7 14. Ne4 Nxe4 15. Qxe4 Be6 16. Bc4 Rfd8 17. Bd2 Bxc4 1/2-1/2

[Event "Schachfestival Senioren"]
[Site "Bad Woerishofen"]
[Date "2023.03.06"]
[Round "4.46"]
[White "Mueggenburg, Rolf"]
[Black "Knischka, Walter"]
[Result "1/2-1/2"]
[WhiteElo "1643"]
[BlackElo "1795"]
[PlyCount "30"]
[EventDate "2023.??.??"]
[WhiteTeam "SSC Graal-Mueritz"]
[BlackTeam "SK Oberguenzburg"]

1. c4 g6 2. Nf3 Bg7 3. d4 d6 4. e4 Bg4 5. Be2 Nc6 6. Be3 e5 7. d5 Bxf3 8. Bxf3 Nd4 9. Nc3 Nxf3+ 10. Qxf3 Ne7 11. O-O O-O 12. c5 f5 13. cxd6 cxd6 14. Bg5 h6 15. Bxe7 Qxe7 1/2-1/2

[Event "Schachfestival Senioren"]
[Site "Bad Woerishofen"]
[Date "2023.03.06"]
[Round "4.47"]
[White "Narr, Irmgard"]
[Black "Klimpel, Siegfried"]
[Result "0-1"]
[WhiteElo "1620"]
[BlackElo "1768"]
[PlyCount "54"]
[EventDate "2023.??.??"]

1. e4 e5 2. Nf3 Nf6 3. Nc3 Nc6 4. Bc4 Nxe4 5. Nxe4 d5 6. Bxd5 Qxd5 7. d3 Bg4 8. h3 Bh5 9. Be3 Rd8 10. Ned2 Be7 11. O-O O-O 12. Qc1 f5 13. Bg5 Bxg5 14. Nxg5 Nd4 15. Kh2 h6 16. Ngf3 Nxf3+ 17. Nxf3 Bxf3 18. gxf3 Qxf3 19. Qd2 f4 20. Rg1 Rf5 21. Rg2 Rh5 22. Kg1 Qxh3 23. Kf1 f3 24. Qb4 Qxg2+ 25. Ke1 Rh1+ 26. Kd2 Qxf2+ 27. Kc3 Qd4+ 0-1

[Event "Schachfestival Senioren"]
[Site "Bad Woerishofen"]
[Date "2023.03.06"]
[Round "4.48"]
[White "Bjorgvik, Jan Arne"]
[Black "Mahrla, Hans"]
[Result "1-0"]
[WhiteElo "1764"]
[BlackElo "1654"]
[PlyCount "109"]
[EventDate "2023.??.??"]
[WhiteTeam "NSF"]
[BlackTeam "SC Eichenau"]

1. e4 e6 2. d4 d5 3. exd5 exd5 4. Nf3 Bg4 5. Be2 Nf6 6. O-O Be7 7. Re1 O-O 8. h3 Bh5 9. Bg5 h6 10. Bh4 Re8 11. Nc3 c6 12. Ne5 Bxe2 13. Rxe2 Nbd7 14. Nxd7 Qxd7 15. Qd3 Nh5 16. Rxe7 Rxe7 17. Bxe7 Qxe7 18. Qe2 Qxe2 19. Nxe2 Re8 20. Kf1 Nf6 21. f3 b6 22. Ng3 g6 23. Re1 Rxe1+ 24. Kxe1 h5 25. h4 Nd7 26. Kd2 Kg7 27. Ke3 f5 28. Kf4 Kf6 29. Nh1 Nf8 30. g3 Ne6+ 31. Ke3 g5 32. f4 gxh4 33. gxh4 c5 34. c3 cxd4+ 35. cxd4 Nf8 36. Ng3 Kg6 37. Nf1 Nd7 38. Nd2 Nf6 39. Nf3 Ng4+ 40. Ke2 Nf6 41. Ne5+ Kg7 42. Nc6 a5 43. Ne7 Ne4 44. Nxf5+ Kf6 45. Ne3 Ke6 46. f5+ Kd6 47. Kf3 Nd2+ 48. Kf4 Ne4 49. Nf1 b5 50. Ng3 Nxg3 51. Kxg3 Ke7 52. Kf3 Kf7 53. Ke3 Kf6 54. Kf4 b4 55. b3 1-0

[Event "Schachfestival Senioren"]
[Site "Bad Woerishofen"]
[Date "2023.03.06"]
[Round "4.50"]
[White "Dreisch, Juergen"]
[Black "Kirchner, Ulrich"]
[Result "0-1"]
[WhiteElo "1590"]
[BlackElo "1750"]
[PlyCount "96"]
[EventDate "2023.??.??"]
[WhiteTeam "SK Markt Schwaben"]
[BlackTeam "SF Blaustein"]

1. e4 c5 2. Nf3 d6 3. c3 Nc6 4. Bb5 Bd7 5. O-O e6 6. d4 cxd4 7. cxd4 Nf6 8. d5 Ne5 9. Bxd7+ Qxd7 10. Nxe5 dxe5 11. dxe6 Qxe6 12. Qa4+ Qd7 13. Qxd7+ Nxd7 14. Nc3 Nf6 15. Bg5 Be7 16. Bxf6 Bxf6 17. Nd5 Bd8 18. Rac1 O-O 19. Rfd1 f6 20. g4 Rf7 21. Rc2 Kf8 22. Rdc1 Ke8 23. Nc7+ Bxc7 24. Rxc7 Rd7 25. Rxd7 Kxd7 26. f3 Rc8 27. Rxc8 Kxc8 28. Kf2 Kd7 29. Ke3 Kc6 30. Kd3 Kb5 31. Kc3 a5 32. a3 Ka4 33. Kc4 b5+ 34. Kc3 g5 35. Kc2 b4 36. axb4 axb4 37. Kb1 Kb3 38. Ka1 Kc4 39. Kb1 b3 40. Kc1 Kd3 41. Kd1 Ke3 42. h3 Kxf3 43. Ke1 Kxe4 44. Ke2 Kd4 45. Kd2 e4 46. Ke2 e3 47. Ke1 Kd3 48. Kd1 e2+ 0-1

[Event "Schachfestival Senioren"]
[Site "Bad Woerishofen"]
[Date "2023.03.06"]
[Round "4.51"]
[White "Aigner, Georg"]
[Black "Richter, Stefan"]
[Result "1-0"]
[WhiteElo "1742"]
[BlackElo "1589"]
[PlyCount "73"]
[EventDate "2023.??.??"]
[WhiteTeam "SC Taufkirchen"]
[BlackTeam "Langenberg"]

1. e4 Nc6 2. d4 d5 3. exd5 Qxd5 4. Be3 e6 5. c4 Bb4+ 6. Nc3 Bxc3+ 7. bxc3 Qa5 8. Qd2 Nf6 9. Bd3 Ng4 10. Nf3 Nxe3 11. fxe3 O-O 12. O-O f5 13. Rfb1 f4 14. Rb5 Qa3 15. c5 a6 16. Rb3 Qa5 17. Qb2 fxe3 18. Ra3 Rb8 19. Rxa5 Nxa5 20. Bxa6 b6 21. Bxc8 Rbxc8 22. Qe2 bxc5 23. Qxe3 Rce8 24. dxc5 Nc4 25. Qf4 Nb2 26. Qxc7 Rc8 27. Qe5 Nd3 28. Qe3 Nxc5 29. a4 Rfd8 30. Ne5 Rd6 31. a5 Nb3 32. Ra3 Rd1+ 33. Kf2 Rd2+ 34. Kg3 Rd6 35. a6 Nc5 36. a7 Nb7 37. Qf3 1-0

[Event "Schachfestival Senioren"]
[Site "Bad Woerishofen"]
[Date "2023.03.06"]
[Round "4.52"]
[White "Meul, Willi"]
[Black "Hoefer, Frank"]
[Result "1-0"]
[WhiteElo "1722"]
[BlackElo "1425"]
[PlyCount "39"]
[EventDate "2023.??.??"]

1. d4 d5 2. Bf4 Nf6 3. e3 Bf5 4. Nf3 Nc6 5. a3 a6 6. Nbd2 e6 7. c4 Bd6 8. Ne5 Nxe5 9. dxe5 Ne4 10. Nxe4 Bxe4 11. exd6 cxd6 12. Qa4+ b5 13. cxb5 O-O 14. bxa6 Qb6 15. Qb4 Qa7 16. Bxd6 Rfd8 17. f3 Bf5 18. Bc5 Qb8 19. Qxb8 Rdxb8 20. b4 1-0

[Event "Schachfestival Senioren"]
[Site "Bad Woerishofen"]
[Date "2023.03.06"]
[Round "4.53"]
[White "Schomann, Michael"]
[Black "Fuchs, Joachim"]
[Result "1-0"]
[WhiteElo "1630"]
[BlackElo "1728"]
[PlyCount "65"]
[EventDate "2023.??.??"]
[WhiteTeam "TSV Kuecknitz v. 1911 e.V."]
[BlackTeam "SC Starnberg"]

1. d4 d5 2. c4 c6 3. cxd5 cxd5 4. Nc3 e6 5. Nf3 Nf6 6. h3 a6 7. Bf4 Be7 8. e3 O-O 9. Bd3 Nbd7 10. Rc1 b6 11. O-O Bb7 12. Qb3 Re8 13. Rc2 b5 14. a3 Qa5 15. Rfc1 Rac8 16. Ne5 Nxe5 17. Bxe5 Nd7 18. Bg3 Bf8 19. Kh2 Nb6 20. Qa2 b4 21. axb4 Bxb4 22. Qxa5 Bxa5 23. Na2 Rxc2 24. Rxc2 Rc8 25. b4 Rxc2 26. Bxc2 Nc4 27. bxa5 Nxa5 28. Bc7 Nc4 29. Nb4 a5 30. Nd3 Bc6 31. Nc5 Bb5 32. Bb3 Ba6 33. Nxa6 1-0

[Event "Schachfestival Senioren"]
[Site "Bad Woerishofen"]
[Date "2023.03.06"]
[Round "4.54"]
[White "Grandl, Klaus"]
[Black "Wacker, Manfred"]
[Result "0-1"]
[WhiteElo "1546"]
[BlackElo "1718"]
[PlyCount "72"]
[EventDate "2023.??.??"]
[BlackTeam "SC 1997 Lambsheim"]

1. e4 e6 2. Nf3 d5 3. e5 c5 4. c3 Nc6 5. Be2 d4 6. d3 Nge7 7. Bg5 Qb6 8. Qb3 Qxb3 9. axb3 Ng6 10. Nbd2 h6 11. Bh4 Nxh4 12. Nxh4 Nxe5 13. Nhf3 Nc6 14. O-O Be7 15. cxd4 cxd4 16. Nc4 O-O 17. Rfe1 Rb8 18. h3 f6 19. Bf1 e5 20. Nfd2 Bb4 21. Rad1 Be6 22. Re2 b5 23. Na3 Na5 24. Nc2 Bxd2 25. Rdxd2 Nxb3 26. Rd1 a5 27. Na1 Rfc8 28. Nxb3 Bxb3 29. Ra1 a4 30. f3 Rc7 31. f4 Re8 32. f5 Rec8 33. g4 Rc2 34. h4 Rxe2 35. Bxe2 Rc2 36. Bd1 Rxb2 0-1

[Event "Schachfestival Senioren"]
[Site "Bad Woerishofen"]
[Date "2023.03.06"]
[Round "4.55"]
[White "Mayer, Dietmar"]
[Black "Mitterholzer, Helmuth"]
[Result "1-0"]
[WhiteElo "1705"]
[BlackElo "1445"]
[PlyCount "95"]
[EventDate "2023.??.??"]
[BlackTeam "Verbund"]

1. d4 d5 2. Nc3 Bf5 3. Bf4 c6 4. f3 Nf6 5. g4 Bg6 6. h4 h6 7. e3 e6 8. Bd3 Bxd3 9. Qxd3 Bd6 10. Nge2 Bxf4 11. Nxf4 g6 12. O-O-O Qd6 13. Nxg6 Rg8 14. Ne5 Nbd7 15. Nxd7 Kxd7 16. Rdg1 Rh8 17. g5 hxg5 18. hxg5 Rxh1 19. Rxh1 Ng8 20. Rh7 Rf8 21. Qg6 Ke7 22. Qh5 Qg3 23. Kd2 b5 24. Ne2 Qd6 25. c3 a5 26. Nf4 Ke8 27. g6 Nf6 28. gxf7+ Kd7 29. Qh4 Nxh7 30. Qxh7 Qe7 31. Ng6 Rxf7 32. Ne5+ Ke8 33. Qxf7+ Qxf7 34. Nxf7 Kxf7 35. e4 Kf6 36. Ke3 e5 37. dxe5+ Kxe5 38. f4+ Ke6 39. e5 c5 40. b4 axb4 41. cxb4 d4+ 42. Ke4 d3 43. Kxd3 Kd5 44. bxc5 Kxc5 45. e6 Kd6 46. f5 Ke7 47. Kc3 Kd6 48. Kb4 1-0

[Event "Schachfestival Senioren"]
[Site "Bad Woerishofen"]
[Date "2023.03.06"]
[Round "4.56"]
[White "Jovi, Klaus"]
[Black "Vaclahovsky, Gerhard"]
[Result "0-1"]
[WhiteElo "1510"]
[BlackElo "1648"]
[PlyCount "90"]
[EventDate "2023.??.??"]
[WhiteTeam "Ohne Verein"]
[BlackTeam "SK Keres-Augsburg 1980"]

1. d4 d5 2. Bf4 e6 3. Nf3 Bd6 4. Bg3 Nf6 5. e3 O-O 6. Nbd2 c5 7. c3 b6 8. Bd3 Nc6 9. O-O Qc7 10. Qb1 Bxg3 11. hxg3 e5 12. dxe5 Nxe5 13. Nxe5 Qxe5 14. Nf3 Qe7 15. Re1 Bb7 16. b3 Rfd8 17. Qc2 h6 18. Rac1 Rac8 19. c4 dxc4 20. bxc4 Rd6 21. Rcd1 Rcd8 22. Be2 Qe6 23. Rxd6 Rxd6 24. Rd1 Rxd1+ 25. Qxd1 Qd7 26. Qxd7 Nxd7 27. Nd2 Kf8 28. f3 Ke7 29. Kf2 Bc6 30. g4 a6 31. g3 b5 32. f4 b4 33. e4 a5 34. Ke3 a4 35. Bd1 f6 36. Bc2 Kd6 37. Nf3 Nb6 38. e5+ fxe5 39. Nxe5 Bd7 40. Ke4 Be6 41. Bd3 a3 42. f5 Bg8 43. g5 hxg5 44. g4 b3 45. axb3 a2 0-1

[Event "Schachfestival Senioren"]
[Site "Bad Woerishofen"]
[Date "2023.03.06"]
[Round "4.57"]
[White "Teubner, Wolfgang"]
[Black "Schumacher, Ursula"]
[Result "1-0"]
[WhiteElo "1817"]
[BlackElo "1514"]
[PlyCount "51"]
[EventDate "2023.??.??"]

1. c4 c6 2. Nc3 Nf6 3. g3 d5 4. cxd5 cxd5 5. d4 e6 6. Bg5 Be7 7. Nf3 Nc6 8. Bg2 a6 9. O-O h6 10. Bxf6 Bxf6 11. e4 dxe4 12. Nxe4 Be7 13. Nc3 O-O 14. Qd2 Rb8 15. a3 b5 16. b4 Bb7 17. Rad1 Bg5 18. Nxg5 hxg5 19. Rfe1 Qf6 20. Ne4 Qe7 21. Nxg5 Rbd8 22. Nf3 Qc7 23. Qc2 Qe7 24. Re4 Rc8 25. Rh4 g6 26. Qd2 1-0

[Event "Schachfestival Senioren"]
[Site "Bad Woerishofen"]
[Date "2023.03.06"]
[Round "4.58"]
[White "Schlemminger, Degenhard"]
[Black "Huhn, Ulrich"]
[Result "1/2-1/2"]
[WhiteElo "1548"]
[BlackElo "1803"]
[PlyCount "88"]
[EventDate "2023.??.??"]
[WhiteTeam "SV Reutlingen"]
[BlackTeam "SF Siemensstadt"]

{[%evp 0,71,17,-12,37,38,24,10,34,15,30,20,28,-3,-10,-10,-16,-16,4,4,16,16,28,24,17,17,13,10,16,-20,18,-15,15,-49,-10,-29,-5,-23,-23,-35,-39,-39,26,26,35,8,46,-16,55,-85,-81,-17,103,-234,80,86,80,81,98,79,141,30,3,-1,13,13,15,6,0,12,17,13,11,12]} 1. c4 c6 2. Nc3 d5 3. cxd5 cxd5 4. d4 Nf6 5. e3 Bf5 6. Bd3 Bxd3 7. Qxd3 e6 8. Bd2 Nc6 9. a3 a5 10. Nf3 Be7 11. O-O O-O 12. Qb5 Qc7 13. Rac1 Rfc8 14. Ne2 Qd7 15. Ng3 Ne4 16. Be1 f5 17. Ne2 h6 18. Nc3 g5 19. Nxe4 fxe4 20. Nd2 Rf8 21. f3 exf3 22. Rxf3 Rxf3 23. Nxf3 Rf8 24. Bxa5 g4 25. Ne1 Bd8 26. Bd2 Qf7 27. Qe2 h5 28. Nd3 Bg5 29. g3 e5 30. Rf1 Qxf1+ 31. Qxf1 Rxf1+ 32. Kxf1 exd4 33. Nf4 dxe3 34. Bxe3 Bxf4 35. Bxf4 Kf7 36. Ke2 b5 37. Kd3 Ke6 38. b3 Na5 39. b4 Nc4 40. Bc1 Kd6 41. Kd4 Kc6 42. Kd3 Kd6 43. Ke2 Ke5 44. Kd3 Kd6 1/2-1/2

[Event "Schachfestival Senioren"]
[Site "Bad Woerishofen"]
[Date "2023.03.06"]
[Round "4.59"]
[White "Koppenhoefer, Heinz"]
[Black "Luebbers, Doris"]
[Result "1-0"]
[WhiteElo "1560"]
[BlackElo "1498"]
[PlyCount "117"]
[EventDate "2023.??.??"]
[WhiteTeam "TSV Solln Schachabteilung"]
[BlackTeam "SC Steinbach"]

1. e4 e5 2. f4 exf4 3. Nf3 d6 4. Be2 Nf6 5. Nc3 Nc6 6. O-O Be7 7. d3 O-O 8. Bxf4 Be6 9. Be3 Qc8 10. Ng5 Bg4 11. Nf3 Ne5 12. Nxe5 Bxe2 13. Qxe2 dxe5 14. Bg5 Qd8 15. Kh1 c6 16. a3 Nd7 17. Bxe7 Qxe7 18. Qe3 a6 19. b4 f6 20. Ne2 Rf7 21. Ng3 Nf8 22. Nf5 Qd7 23. Qc5 Ne6 24. Qc4 Kh8 25. Rf2 Raf8 26. g3 Nd4 27. Kg2 Nxf5 28. Rxf5 Qd4 29. Qxd4 exd4 30. Raf1 Kg8 31. Rc5 Rd8 32. Kf2 Re7 33. Ke2 Re5 34. Rf5 Rxc5 35. Rxc5 Rd6 36. Kd2 Kf7 37. Rf5 Ke6 38. c3 g6 39. Rf1 b5 40. cxd4 Rxd4 41. Ke3 Ke5 42. Rc1 Rd6 43. Rc5+ Ke6 44. d4 h6 45. h3 Kd7 46. g4 Ke6 47. h4 Kd7 48. g5 hxg5 49. hxg5 fxg5 50. Rxg5 Rf6 51. e5 Re6 52. Ke4 Ke7 53. Rg3 Kf7 54. Rf3+ Ke7 55. Rh3 Kf7 56. Rh7+ Ke8 57. d5 cxd5+ 58. Kxd5 Rb6 59. e6 1-0